000 00903cam a2200325 4500500
005 20260405002937.0
041 _afre
042 _adc
100 1 0 _aSorente, Isabelle
_eauthor
245 0 0 _aQue faire de nos émotions ?
260 _c2019.
500 _a14
690 _aAntonio R. Damasio
690 _aClaire Marin
690 _aDarwin
690 _aÉmotion
690 _aÉtienne Bimbenet
690 _aFrançoise Dastur
690 _aGloria Origgi
690 _aManon Garcia
690 _aMartha Nussbaum
690 _aMichaël Foessel
690 _aPeter Singer
690 _aRousseau
690 _aSentiment
690 _aVirginie Efira
690 _aYves Cusset
786 0 _nPhilosophie magazine | 132 | 9 | 2019-09-01 | p. 22-22 | 1951-1787
856 4 1 _uhttps://shs.cairn.info/magazine-philosophie-magazine-2019-9-page-22?lang=fr&redirect-ssocas=7080
999 _c2062776
_d2062776